Financial accounting : information for decisions /

Saved in:
书目详细资料
主要作者: Ingram, Robert W.
格式: 图书
出版: Cincinnati, Ohio : College Division, South-Western Pub. Co., c1994.
主题:
标签: 添加标签
没有标签, 成为第一个标记此记录!

MARC

LEADER 00000cam a2200000 a 4500
020 |a 0538827025  |c TZS 1820/= 
040 |a MUL  |b eng.  |e AACR 
082 0 0 |a 657 ING 
100 1 |a Ingram, Robert W. 
245 1 0 |a Financial accounting :  |b information for decisions /  |c Robert W. Ingram. 
260 |a Cincinnati, Ohio :  |b College Division, South-Western Pub. Co.,  |c c1994. 
300 |a xviii, 702, [87] p. :  |b ill. (some col.) ;  |c 26 cm. 
504 |a Includes bibliographical references and index. 
650 0 |a Accounting 
650 0 |a Managerial accounting. 
942 |c BK 
999 |c 3828  |d 3828